Razas y lenguas indígenas de México : (Record no. 50543)
[ view plain ]
| 000 -CABECERA | |
|---|---|
| campo de control de longitud fija | 00830nam a2200229 a 4500 |
| 003 - IDENTIFICADOR DEL NÚMERO DE CONTROL | |
| campo de control | MX-MxUPN |
| 005 - FECHA Y HORA DE LA ÚLTIMA TRANSACCIÓN | |
| campo de control | 20240924070341.0 |
| 008 - ELEMENTOS DE LONGITUD FIJA--INFORMACIÓN GENERAL | |
| campo de control de longitud fija | 991125s1941 mx 000 0 spa u |
| 035 ## - NÚMERO DE CONTROL DEL SISTEMA | |
| Número de control de sistema | UPN01000050543 |
| 040 ## - FUENTE DE LA CATALOGACIÓN | |
| Centro catalogador/agencia de origen | MX-MxUPN |
| Lengua de catalogación | spa |
| Centro/agencia transcriptor | MX-MxUPN |
| 050 #4 - SIGNATURA TOPOGRÁFICA DE LA BIBLIOTECA DEL CONGRESO | |
| Número de clasificación | F1210 |
| Número de documento/Ítem | V5.7 |
| 100 1# - ASIENTO PRINCIPAL--NOMBRE PERSONAL | |
| Nombre de persona | Vivó, Jorge A. |
| Forma completa/desarrollada del nombre | (Jorge Abilio), |
| Fechas asociadas al nombre | 1906-1979 |
| 9 (RLIN) | 47002 |
| 245 10 - MENCIÓN DE TÍTULO | |
| Título | Razas y lenguas indígenas de México : |
| Resto del título | su distribución geográfica / |
| Mención de responsabilidad, etc. | Jorge A. Vivó. |
| 260 ## - PUBLICACIÓN, DISTRIBUCIÓN, ETC. | |
| Lugar de publicación, distribución, etc. | México : |
| Nombre del editor, distribuidor, etc. | Instituto Panamericano de Geografía e Historia, |
| Fecha de publicación, distribución, etc. | 1941. |
| 300 ## - DESCRIPCIÓN FÍSICA | |
| Extensión | 58 p. : |
| Otras características físicas | il., 30 mapas |
| 500 ## - NOTA GENERAL | |
| Nota general | "Incluye cuatro mapas plegados a 30x20 cm." |
| 500 ## - NOTA GENERAL | |
| Nota general | Disponible en la Colección Medina |
| 650 #4 - ASIENTO SECUNDARIO DE MATERIA - TERMINO TEMATICO | |
| Término de materia o nombre geográfico como elemento de entrada | INDIOS DE MEXICO - |
| Subdivisión general | ANTROPOMETRIA |
| 650 #4 - ASIENTO SECUNDARIO DE MATERIA - TERMINO TEMATICO | |
| Término de materia o nombre geográfico como elemento de entrada | Indígenas de México |
| Subdivisión general | Lenguas |
| 9 (RLIN) | 13865 |
| 650 #4 - ASIENTO SECUNDARIO DE MATERIA - TERMINO TEMATICO | |
| Término de materia o nombre geográfico como elemento de entrada | Etnología |
| Subdivisión geográfica | México |
| 9 (RLIN) | 6473 |
| 905 ## - TIPO DE MATERIAL | |
| Tipo de material | Libro |
| Estado de retiro | Estado de pérdida | Fuente del sistema de clasificación o colocación | Estado dañado | No para préstamo | Código de colección | Localización permanente | Ubicación/localización actual | Ubicación en estantería | Fecha de adquisición | Clasificación | Código de barras | Fecha visto por última vez | Número de copia | Tipo de ítem Koha |
|---|---|---|---|---|---|---|---|---|---|---|---|---|---|---|
| Library of Congress Classification | Disponible (Préstamo en sala) | Colección Medina | Bib. Gregorio Torres Quintero | Bib. Gregorio Torres Quintero | Colecciones especiales Planta alta | 30/01/2023 | F1210 V5.7 | 101771 | 31/12/2020 | 1 | Libro |
